• 首页
  • 本馆介绍
  • 公告通知
  • 最新文献
  • 馆藏检索
  • 电子资源
  • 读者导购
  • 参考咨询
  • 我的图书馆
  • 登录
  • 详细信息显示
  • 放入我的书架
  • 预约/预借图书
  • 作者相关作品
  • 分类相关作品
  • 丛书相关作品
  • 出版社相关作品

书目信息

  • 表格格式
  • 工作单格式
  • 卡片格式
题名:
大学生形势与政策
    
 
作者: 王伟 , 周仲强 , 王启军 主编
分册:  
出版信息: 北京   中共中央党校出版社  2018
页数: 180页
开本: 26cm
丛书名:
单 册:
中图分类: G641.4
科图分类:
主题词: 时事政策教育--shi shi zheng ce jiao yu--高等教育--教材
电子资源:
ISBN: 978-7-5035-6379-9
000 01385nam0 2200313 450
001 012001003372
005 20131013083954.0
010    @a978-7-5035-6379-9@dCNY35.00
099    @aCAL 012019055730
100    @a20181026d2018 em y0chiy50 ea
101 0  @achi
102    @aCN@b110000
105    @aa a 000yy
106    @ar
200 1  @a大学生形势与政策@Ada xue sheng xing shi yu zheng ce@f《大学生形势与政策》编委会编
210    @a北京@c中共中央党校出版社@d2018
215    @a180页@c图@d26cm
300    @a精品教学课件+学生无纸化考试平台 2018年秋季版
314    @a书内题: 王伟, 周仲强, 王启军主编
320    @a有书目
330    @a本书立足于经济发展、社会变化的热点, 紧密结合大学生全面发展的根本需要进行编写, 帮助大学生全面认识和正确理解党的基本路线、方针和政策, 认清国内外形势新变化、新特点, 把握时代脉搏, 激发爱国主义精神、改革开放精神, 增强民族自信心和社会责任感, 树立正确的人生观、价值观和世界观, 生动践行社会主义核心价值观, 坚定信念、凝聚力量为建设中国特色的社会主义、实现中华民族伟大复兴中国梦的伟大理想而奋发学习、健康成长。
333    @a普通高等教育“十三五”规划教材
606 0  @a时事政策教育@Ashi shi zheng ce jiao yu@x高等教育@j教材
690    @aG641.4@v5
701  0 @a王伟@Awang wei@4主编
701  0 @a周仲强@Azhou zhong qiang@4主编
701  0 @a王启军@Awang qi jun@4主编
801  0 @aCN@b江苏凤凰@c20191020
905    @b1232756-61@dG641.4@e1468@f6
    
    大学生形势与政策/《大学生形势与政策》编委会编.-北京:中共中央党校出版社,2018
    180页:图;26cm
    精品教学课件+学生无纸化考试平台 2018年秋季版.-使用对象:普通高等教育“十三五”规划教材
    
    ISBN 978-7-5035-6379-9:CNY35.00
    本书立足于经济发展、社会变化的热点, 紧密结合大学生全面发展的根本需要进行编写, 帮助大学生全面认识和正确理解党的基本路线、方针和政策, 认清国内外形势新变化、新特点, 把握时代脉搏, 激发爱国主义精神、改革开放精神, 增强民族自信心和社会责任感, 树立正确的人生观、价值观和世界观, 生动践行社会主义核心价值观, 坚定信念、凝聚力量为建设中国特色的社会主义、实现中华民族伟大复兴中国梦的伟大理想而奋发学习、健康成长。
●
相关链接 在E读中查询图书 在五车中查询图书 在当当中查询图书 在豆瓣中查询图书


正题名:大学生形势与政策     索取号:G641.4/1468         预约/预借

序号 登录号 条形码 馆藏地/架位号 状态 备注
1 1232756   212327560   第一样本阅览室/ [索取号:G641.4/1468] 在馆    
2 1232757   212327579   教育系资料室/ [索取号:G641.4/1468] 在馆    
3 1232758   212327588   教育系资料室/ [索取号:G641.4/1468] 在馆    
4 1232759   212327597   教育系资料室/ [索取号:G641.4/1468] 在馆    
5 1232760   212327604   第四借阅区/ [索取号:G641.4/1468] 在馆    
6 1232761   212327613   第四借阅区/ [索取号:G641.4/1468] 在馆    
唐山师范学院图书馆 欢迎您!
大连网信软件有限公司© 版权所有